00307nam a2200097Ia 4500008004100000100002200041245005300063245002900116260000900145856005500154160531s9999 xx 000 0 und d aUhlmann, Gunther. aInverse Problems and Applications: Inside Out II cby Gunther Uhlmann (ed.) c2013 uhttp://library.msri.org/books/Book60/contents.html